Normal view
MARC view
Entry Personal Name
001 - CONTROL NUMBER
- control field: 62700
003 - CONTROL NUMBER IDENTIFIER
- control field: dpl
005 - DATE AND TIME OF LATEST TRANSACTION
- control field: 20240301151608.0
008 - FIXED-LENGTH DATA ELEMENTS
- fixed length control field: 240301|| aca||aabn | a|a d
040 ## - CATALOGING SOURCE
- Original cataloging agency: dpl
- Transcribing agency: dpl
100 ## - HEADING--PERSONAL NAME
- Personal name: गाँधी, महात्मा
670 ## - SOURCE DATA FOUND
- Source citation: Work cat.: (dpl)201195: गाँधी, महात्मा, राष्ट्रभाषा हिंदी/, 2022
